Better use of IT encouraged. (Record no. 61626)

MARC details
000 -LEADER
fixed length control field 00689cam a2200157 4500
001 - CONTROL NUMBER
control field WB3535-02
008 - FIXED-LENGTH DATA ELEMENTS--GENERAL INFORMATION
fixed length control field 000000n1999 000 0 eng u
035 ## - SYSTEM CONTROL NUMBER
System control number (Sirsi) u102631
245 ## - TITLE STATEMENT
Title Better use of IT encouraged.
260 ## - PUBLICATION, DISTRIBUTION, ETC.
Date of publication, distribution, etc. 1999
490 ## - SERIES STATEMENT
Series statement DETR News Release
Volume/sequential designation (866) 7 September 1999 (2)
520 ## - SUMMARY, ETC.
Summary, etc. Government has launched 'IT in construction best practice programme' to promote the business benefits of IT to the building and construction sector. For further information and to register interest in the programme contact: Ruth Silverberg, tel: 020 7379 3322.
650 ## - SUBJECT ADDED ENTRY--TOPICAL TERM
Topical term or geographic name entry element MANAGEMENT-BUSINESS MANAGEMENT-INFORMATION MANAGEMENT
690 ## - LOCAL SUBJECT ADDED ENTRY--TOPICAL TERM (OCLC, RLIN)
Topical term or geographic name as entry element BUILT ENVIRONMENT
942 ## - ADDED ENTRY ELEMENTS (KOHA)
Suppress in OPAC 0
Holdings
Withdrawn status Lost status Source of classification or shelving scheme Damaged status Not for loan Home library Current library Shelving location Date acquired Total Checkouts Full call number Barcode Date last seen Copy number Price effective from Koha item type
    Dewey Decimal Classification     London London News article 23/11/1999   WB3535-02 102631-1001 06/08/2019 1 06/08/2019 News article